| 000 | 00467nam a2200193Ia 4500 | ||
|---|---|---|---|
| 005 | 20250603150011.0 | ||
| 008 | 250603s9999 xx 000 0 und d | ||
| 020 | _a9780470591482 | ||
| 050 | _aHT 321 .M348/ | ||
| 100 | _aMcDonald, John F., 1943- | ||
| 245 | 0 | _aUrban economics and real estate : theory and policy | |
| 250 | _a2nd ed. | ||
| 260 | _aHaboken | ||
| 260 | _bJohn Wiley | ||
| 260 | _c2009 | ||
| 300 | _a551 p | ||
| 650 | _aHaboken | ||
| 942 | _cBK | ||
| 999 |
_c43472 _d43472 |
||